| 000 | 00350cam a22001217a 4500 | ||
|---|---|---|---|
| 008 | 180718b xxu||||| |||| 00| 0 eng d | ||
| 082 | _aN403x5421 Sa29 | ||
| 100 | _aSaxena, R.N. | ||
| 245 |
_aComments on U.P. police regulations _cby R.N. Saxena |
||
| 260 |
_aAllahabad _bCentral Law Agency _c |
||
| 300 | _a208p. | ||
| 650 | _aPolice --India --Uttar Pradesh | ||
| 999 |
_c436915 _d436915 |
||